<?xml version="1.0" encoding="UTF-8"?>
<collection xmlns="http://www.loc.gov/MARC21/slim">
<record>
  <controlfield tag="001">171212</controlfield>
  <controlfield tag="005">20260515163945.0</controlfield>
  <datafield tag="024" ind1="7" ind2=" ">
    <subfield code="2">doi</subfield>
    <subfield code="a">10.1016/j.jenvman.2026.129814</subfield>
  </datafield>
  <datafield tag="024" ind1="8" ind2=" ">
    <subfield code="2">sideral</subfield>
    <subfield code="a">149291</subfield>
  </datafield>
  <datafield tag="037" ind1=" " ind2=" ">
    <subfield code="a">ART-2026-149291</subfield>
  </datafield>
  <datafield tag="041" ind1=" " ind2=" ">
    <subfield code="a">eng</subfield>
  </datafield>
  <datafield tag="100" ind1=" " ind2=" ">
    <subfield code="a">Seclen-Luna, Jean Pierre</subfield>
  </datafield>
  <datafield tag="245" ind1=" " ind2=" ">
    <subfield code="a">Servitization for environmental and social management practices in manufacturing: The role of digitalization as an enabler</subfield>
  </datafield>
  <datafield tag="260" ind1=" " ind2=" ">
    <subfield code="c">2026</subfield>
  </datafield>
  <datafield tag="520" ind1="3" ind2=" ">
    <subfield code="a">The shift toward sustainable industrial systems requires companies to adopt strategies that enhance environmental performance without compromising competitiveness. Servitization—the integration of services into manufacturing—has been suggested as a business model that could support more sustainable production by increasing resource efficiency and generating value throughout the product's lifecycle. However, there is limited empirical evidence on what drives servitization and its effects on sustainability, especially concerning the role of digitalization and its varied impacts on environmental and social management practices. This study aims to explore how digitalization influences servitization and, in turn, how servitization affects environmental and social management practices. Using data from Spanish manufacturing companies in the 2022 Spanish Survey on Business Strategies, an inverse probability-weighted regression adjustment (IPWRA) estimator corrects for selection bias in servitization decisions. This method was applied to 1469 manufacturing firms, enabling reliable comparisons between servitized and non-servitized companies. The findings reveal that digitalization significantly raises the likelihood of adopting servitization, indicating that digital capabilities are a key enabler of service-oriented business models in manufacturing. Moreover, servitization is positively linked to several environmental management practices, including recycling and reuse of materials, reduced natural resource consumption, and energy savings or shifts toward more sustainable energy sources. However, no statistically significant connection is observed between servitization and companies' social management practices. These results indicate that although servitization offers tangible environmental benefits, its social advantages may take longer to emerge, require additional organizational adjustments, or involve higher service levels. Overall, servitization enhances environmental efficiency but does not automatically lead to improvements in social management practices.</subfield>
  </datafield>
  <datafield tag="536" ind1=" " ind2=" ">
    <subfield code="9">info:eu-repo/grantAgreement/ES/DGA-FEDER/S52-20R</subfield>
    <subfield code="9">info:eu-repo/grantAgreement/ES/MICINN/PID2021-123154NB-I00</subfield>
  </datafield>
  <datafield tag="540" ind1=" " ind2=" ">
    <subfield code="9">info:eu-repo/semantics/closedAccess</subfield>
    <subfield code="a">All rights reserved</subfield>
    <subfield code="u">http://www.europeana.eu/rights/rr-f/</subfield>
  </datafield>
  <datafield tag="655" ind1=" " ind2="4">
    <subfield code="a">info:eu-repo/semantics/article</subfield>
    <subfield code="v">info:eu-repo/semantics/publishedVersion</subfield>
  </datafield>
  <datafield tag="700" ind1=" " ind2=" ">
    <subfield code="a">Fernandez-Olmos, Marta</subfield>
    <subfield code="u">Universidad de Zaragoza</subfield>
    <subfield code="0">(orcid)0000-0002-5623-2391</subfield>
  </datafield>
  <datafield tag="700" ind1=" " ind2=" ">
    <subfield code="a">Monroy-Osorio, Juan Carlos</subfield>
  </datafield>
  <datafield tag="710" ind1="2" ind2=" ">
    <subfield code="1">4012</subfield>
    <subfield code="2">650</subfield>
    <subfield code="a">Universidad de Zaragoza</subfield>
    <subfield code="b">Dpto. Direcc.Organiza.Empresas</subfield>
    <subfield code="c">Área Organización de Empresas</subfield>
  </datafield>
  <datafield tag="773" ind1=" " ind2=" ">
    <subfield code="g">407 (2026), 129814</subfield>
    <subfield code="p">J. environ. manag.</subfield>
    <subfield code="t">Journal of environmental management</subfield>
    <subfield code="x">0301-4797</subfield>
  </datafield>
  <datafield tag="856" ind1="4" ind2=" ">
    <subfield code="s">844479</subfield>
    <subfield code="u">http://zaguan.unizar.es/record/171212/files/texto_completo.pdf</subfield>
    <subfield code="y">Versión publicada</subfield>
    <subfield code="z">info:eu-repo/date/embargoEnd/2028-05-02</subfield>
  </datafield>
  <datafield tag="856" ind1="4" ind2=" ">
    <subfield code="s">2372313</subfield>
    <subfield code="u">http://zaguan.unizar.es/record/171212/files/texto_completo.jpg?subformat=icon</subfield>
    <subfield code="x">icon</subfield>
    <subfield code="y">Versión publicada</subfield>
    <subfield code="z">info:eu-repo/date/embargoEnd/2028-05-02</subfield>
  </datafield>
  <datafield tag="909" ind1="C" ind2="O">
    <subfield code="o">oai:zaguan.unizar.es:171212</subfield>
    <subfield code="p">articulos</subfield>
    <subfield code="p">driver</subfield>
  </datafield>
  <datafield tag="951" ind1=" " ind2=" ">
    <subfield code="a">2026-05-15-14:55:11</subfield>
  </datafield>
  <datafield tag="980" ind1=" " ind2=" ">
    <subfield code="a">ARTICLE</subfield>
  </datafield>
</record>
</collection>